[Event "Czech Extra League 2000-1"]
[Site "CZE"]
[Date "2000.12.17"]
[Round "3"]
[White "Haba,P"]
[Black "Oral,T"]
[Result "1-0"]
[WhiteElo "2497"]
[BlackElo "2531"]

1.d4 Nf6 2.c4 g6 3.Nc3 d5 4.cxd5 Nxd5 5.e4 Nxc3 6.bxc3 Bg7 7.Nf3 c5 8.Rb1 O-O
9.Be2 Nd7 10.O-O Nf6 11.Bd3 b6 12.h3 Qc7 13.Qe2 Bb7 14.d5 Rae8 15.c4 e5 16.g4 Bc8
17.Bc2 Qd6 18.Rb3 Kh8 19.Nh2 Ng8 20.Rg3 f5 21.gxf5 gxf5 22.exf5 e4 23.Rxg7 Kxg7
24.Bb2+ Nf6 25.Qh5 Re5 26.Qg5+ Kh8 27.Qg3 Rfe8 28.Ng4 Nxg4 29.hxg4 Kg8 30.Re1 Qe7
31.f4  1-0

[Event "TCh-SVK"]
[Site "SVK"]
[Date "2000.12.17"]
[Round "6"]
[White "Likavsky,T"]
[Black "David,P"]
[Result "1/2-1/2"]
[WhiteElo "2409"]
[BlackElo "2436"]

1.d4 Nf6 2.c4 g6 3.Nc3 d5 4.cxd5 Nxd5 5.e4 Nxc3 6.bxc3 Bg7 7.Nf3 c5 8.Be3 Qa5
9.Qd2 Nc6 10.Rb1 a6 11.Rc1 cxd4 12.cxd4 Qxd2+ 13.Kxd2 e6 14.Bd3 O-O 15.Ke2 Bd7
16.Bb1 Rfc8 17.h4 Na5 18.h5 Nc4 19.hxg6 hxg6 20.Bg5 Nb2 21.e5 Na4 22.Bf6 Nc3+
23.Rxc3 Rxc3 24.Ng5 Bb5+ 25.Kd2 Rc4 26.Rh7 Bxf6 27.exf6 Be8 28.Rg7+ Kh8 29.Ke3 Rac8
30.Nxf7+ Bxf7 31.Rxf7 R4c7 32.Rxc7 Rxc7 33.Kf4 Kg8 34.Bxg6 b5 35.Ke5 Rc6
36.Be8 Rb6 37.g4 a5 38.g5 Kf8 39.Bh5 b4 40.Bd1 Rb5+ 41.Kxe6 Rxg5 42.d5 Rg1
43.Bb3 Re1+ 44.Kf5 Re2 45.d6 Rxf2+ 46.Ke5 Re2+ 47.Kd4 a4 48.Bxa4 Rxa2 49.Bb3 Rf2
50.Ke5 Re2+ 51.Kd5 Rf2 52.d7 Rd2+ 53.Kc6 Rxd7  1/2-1/2

[Event "ch-ISR"]
[Site "Ramat-Aviv/Modiin ISR"]
[Date "2000.12.20"]
[Round "4"]
[White "Avrukh,B"]
[Black "Sutovsky,E"]
[Result "1/2-1/2"]
[WhiteElo "2625"]
[BlackElo "2609"]

1.d4 Nf6 2.c4 g6 3.Nc3 d5 4.cxd5 Nxd5 5.e4 Nxc3 6.bxc3 Bg7 7.Be3 c5 8.Qd2 Qa5
9.Rb1 b6 10.Bb5+ Bd7 11.Bd3 Nc6 12.Ne2 O-O 13.f4 Bg4 14.Rb5 Qa4 15.dxc5 Rfd8
16.cxb6 axb6 17.Rxb6 Qxa2 18.Nc1 Qxd2+ 19.Bxd2 Na5 20.Rb4 Rac8 21.e5 f6 22.Rd4  1/2-1/2

[Event "XIII Carlos Torre Open"]
[Site "Merida MEX"]
[Date "2000.12.21"]
[Round "8"]
[White "Watanabe,A"]
[Black "Kudrin,S"]
[Result "0-1"]
[WhiteElo "2374"]
[BlackElo "2514"]

1.d4 Nf6 2.c4 g6 3.Nc3 d5 4.cxd5 Nxd5 5.e4 Nxc3 6.bxc3 Bg7 7.Nf3 c5 8.Rb1 O-O
9.Be2 b6 10.O-O Bb7 11.Qd3 Ba6 12.Qe3 Qd7 13.dxc5 Bxe2 14.Qxe2 bxc5 15.Rd1 Qc6
16.Bg5 e6 17.Bf4 Nd7 18.Bd6 Rfd8 19.e5 Nb6 20.Ng5 c4 21.h4 h6 22.Ne4 Nd5
23.h5 g5 24.Rd4 Rac8 25.Qf3 Rd7 26.Rbd1 Nf4 27.g3 Nd3 28.Nf6+ Bxf6 29.Qxf6 Kh7
30.Rf1 Rg8 31.f3 Rb7 32.Be7 Qb6 33.Bd8 Qc5 34.Kh2 Nxe5  0-1

[Event "Ambassador Open"]
[Site "Bern SUI"]
[Date "2000.12.29"]
[Round "6"]
[White "Kolly,J"]
[Black "Gurieli,N"]
[Result "0-1"]
[WhiteElo "2199"]
[BlackElo "2373"]

1.d4 Nf6 2.c4 g6 3.Nc3 d5 4.cxd5 Nxd5 5.e4 Nxc3 6.bxc3 Bg7 7.Bc4 c5 8.Ne2 cxd4
9.cxd4 Nc6 10.Be3 Qa5+ 11.Kf1 O-O 12.h4 Qb4 13.Rc1 Bd7 14.h5 Rac8 15.hxg6 hxg6
16.Nf4 b5 17.Nd5 Qa3 18.Rc3 Qa6 19.Bd3 Rfe8 20.e5 Qxa2 21.Nf4 Nb4 22.Bb1 Qa4
23.Qxa4 bxa4 24.Rxc8 Rxc8 25.e6 Bxe6 26.Nxe6 fxe6 27.Bxg6 Nc2 28.Rh5 Nxe3+
29.fxe3 e5 30.Ke2 a3 31.Bf5 Rc6 32.Kd3 exd4 33.exd4 Rd6 34.Bh7+ Kf7 35.Ra5 Bxd4
36.Ke4 Bb2 37.Rxa7 Rd4+ 38.Ke3 Rg4 39.Bd3 Rg3+ 40.Ke4 Rxg2 41.Bc4+ Kf6 42.Kd3 Rg4
43.Ra5  0-1

[Event "Open"]
[Site "Ano Liosia GRE"]
[Date "2000.12.30"]
[Round "4"]
[White "Gustafsson,J"]
[Black "Khamrakulov,I"]
[Result "1-0"]
[WhiteElo "2506"]
[BlackElo "2359"]

1.d4 Nf6 2.c4 g6 3.Nc3 d5 4.cxd5 Nxd5 5.e4 Nxc3 6.bxc3 Bg7 7.Bc4 O-O 8.Ne2 c5
9.Be3 Nc6 10.O-O Na5 11.Bd3 cxd4 12.cxd4 b6 13.Rc1 Bb7 14.d5 e6 15.dxe6 fxe6
16.Nf4 Qd6 17.Qg4 Bc8 18.Rfd1 e5 19.Rxc8 Raxc8 20.Ba6 Qc6 21.Ne6 Nc4 22.Bc5 bxc5
23.Bxc4 Kh8 24.Nxf8 Rxf8 25.g3 Qb6 26.Qe2 a5 27.Kg2 Qb4 28.Qd3 Qb2 29.Rd2 Qd4
30.Qc2  1-0

[Event "Open"]
[Site "Ano Liosia GRE"]
[Date "2000.12.30"]
[Round "4"]
[White "Khenkin,I"]
[Black "Gesos,P"]
[Result "1/2-1/2"]
[WhiteElo "2633"]
[BlackElo "2364"]

1.d4 Nf6 2.c4 g6 3.Nc3 d5 4.cxd5 Nxd5 5.e4 Nxc3 6.bxc3 Bg7 7.Nf3 O-O 8.Be3 b6
9.Rc1 Bb7 10.Bd3 Nc6 11.h4 Qd7 12.h5 Rfd8 13.hxg6 hxg6 14.Qd2 e5 15.Bh6 Bf6
16.d5 Na5 17.Bg5 Qe7 18.c4 c6 19.Bxf6 Qxf6 20.Qh6 Rac8 21.Ke2 Ba6 22.Qh7+ Kf8
23.Qh8+ Ke7 24.Qh2 cxd5 25.cxd5 Bxd3+ 26.Kxd3 Kd6 27.Qg3 Nb7 28.Nd4 Nc5+
29.Ke3 Ke7 30.Nf3 Qf4+ 31.Qxf4 exf4+ 32.Kd4 Ne6+ 33.Kd3 Nc5+ 34.Kd4 Ne6+
35.Kd3  1/2-1/2

[Event "1st Wilhelm Steinitz Mem B"]
[Site "Prague CZE"]
[Date "2000.12.30"]
[Round "5"]
[White "Kopjonkin,G"]
[Black "Livshits,G"]
[Result "1/2-1/2"]
[WhiteElo "2378"]
[BlackElo "2217"]

1.d4 Nf6 2.c4 g6 3.Nc3 d5 4.cxd5 Nxd5 5.e4 Nxc3 6.bxc3 Bg7 7.Nf3 c5 8.Rb1 O-O
9.Be2 Nc6 10.d5 Ne5 11.Nxe5 Bxe5 12.Qd2 e6 13.f4 Bc7 14.Bc4 a6 15.a4 Qe8
16.O-O Qxa4 17.Qd3 b5 18.Bb3 c4 19.Bxa4 cxd3 20.Bb3 Bb6+ 21.Kh1 Bb7 22.dxe6 Bxe4
23.exf7+ Kg7 24.Bb2 Rad8 25.Ra1 Rxf7 26.Rxa6 Rb7 27.h3 d2 28.Kh2 Bd3 29.Rd1 Be2
30.c4+ Kh6 31.c5 Bxd1 32.Bxd1 Bxc5 33.Bf6 Rd6 34.g4 g5 35.Bc2 gxf4 36.g5+ Kh5
37.Ra1 Rxf6 38.gxf6 Kg5 39.Ra6 Bd4 40.Rd6 Rc7 41.h4+ Kxh4 42.Bd1 Be5 43.Rd5 Rc1
44.Rxe5 Rxd1 45.Rd5 Re1 46.f7 Re2+ 47.Kg1 Kg3 48.Rd3+ Re3 49.f8=Q Rxd3 50.Qg7+ Kf3
51.Qg2+ Ke3 52.Qf2+ Ke4 53.Qe2+ Kd4 54.Qd1 Ke3  1/2-1/2

[Event "Rilton Cup"]
[Site "Stockholm SWE"]
[Date "2000.12.30"]
[Round "4"]
[White "Ivanov,Se"]
[Black "Akesson,R"]
[Result "1/2-1/2"]
[WhiteElo "2574"]
[BlackElo "2486"]

1.d4 Nf6 2.c4 g6 3.Nc3 d5 4.cxd5 Nxd5 5.e4 Nxc3 6.bxc3 Bg7 7.Nf3 c5 8.h3 O-O
9.Be2 b6 10.Be3 Bb7 11.Qd3 Ba6 12.Qd2 Bxe2 13.Qxe2 Nc6 14.O-O cxd4 15.cxd4 Nxd4
16.Bxd4 Bxd4 17.Rad1 e5 18.Nxe5 Qc7 19.Nxf7 Bxf2+ 20.Qxf2 Rxf7 21.Qxf7+ Qxf7
22.Rxf7 Kxf7 23.Rd7+ Kf6 24.Rxh7 Re8 25.Rxa7 Rxe4 26.Kf2 Rc4 27.Ra6 Kg5 28.Ra3 b5
29.Ke3 Rc2 30.g3 b4 31.Kd3 Rg2 32.Ra5+ Kh6 33.g4 Rg3+ 34.Kc4 Rxh3 35.g5+ Kh5
36.Kxb4 Rh4+ 37.Kc3 Rh3+ 38.Kd4 Rh4+ 39.Ke3 Rh3+ 40.Kf4 Rh4+ 41.Kg3 Rc4 42.a4 Rb4
43.Kf3 Rc4 44.Ke2 Rb4 45.Kd3 Rf4 46.Kc3 Rf3+ 47.Kc4 Rf4+ 48.Kb5 Kxg5 49.Ra8 Rf1
50.a5 Rb1+ 51.Kc6 Ra1 52.a6 Kg4 53.Kb6 g5 54.Rg8 Rb1+ 55.Ka7 Kf4 56.Rb8 Ra1
57.Rb4+ Kf3 58.Rb3+ Kf2 59.Rb4 Kf3  1/2-1/2

[Event "Rilton Cup"]
[Site "Stockholm SWE"]
[Date "2000.12.30"]
[Round "4"]
[White "Ulibin,M"]
[Black "Kallio,H"]
[Result "1-0"]
[WhiteElo "2583"]
[BlackElo "2451"]

1.d4 Nf6 2.c4 g6 3.Nc3 d5 4.cxd5 Nxd5 5.e4 Nxc3 6.bxc3 Bg7 7.Bb5+ c6 8.Ba4 O-O
9.Ne2 c5 10.d5 b6 11.O-O Ba6 12.Bg5 h6 13.Bh4 Nd7 14.f4 Nf6 15.Bc2 Bc4 16.Bd3 Bxd3
17.Qxd3 b5 18.a4 a6 19.c4 e6 20.e5 bxc4 21.Qf3 g5 22.exf6 Bxf6 23.fxg5 Bxa1
24.Rxa1 hxg5 25.Qg4 f5 26.Qg3 f4 27.Nxf4 Rf5 28.Re1 exd5 29.Ne6 Qf6 30.Bxg5 Qg6
31.h4 Re8 32.h5 Rxg5 33.Nxg5 Rxe1+ 34.Kf2 Qc2+ 35.Kxe1 Qc1+ 36.Ke2 Qc2+ 37.Kf1 Qc1+
38.Kf2 Qc2+ 39.Kg1 Qd1+ 40.Kh2 Qxh5+ 41.Nh3+ Kf7 42.Qc7+ Ke6 43.Qc6+ Ke5
44.Qxc5 Ke4 45.g4 Qe5+ 46.Kg2 Kd3 47.Qf2 Qe4+ 48.Qf3+ Kd2 49.Qxe4 dxe4 50.Kf1 Ke3
51.Ke1 c3 52.Kd1 Kf3 53.g5 e3 54.g6 e2+ 55.Ke1 Ke4 56.Ng1  1-0

[Event "Open"]
[Site "Ano Liosia GRE"]
[Date "2000.12.31"]
[Round "5"]
[White "Shipov,S"]
[Black "Gustafsson,J"]
[Result "1/2-1/2"]
[WhiteElo "2640"]
[BlackElo "2506"]

1.d4 Nf6 2.c4 g6 3.Nc3 d5 4.cxd5 Nxd5 5.e4 Nxc3 6.bxc3 Bg7 7.Nf3 c5 8.h3 O-O
9.Be2 b5 10.Be3 Bb7 11.Qd3 Nd7 12.O-O Nb6 13.Qxb5 cxd4 14.Bxd4 Bxd4 15.Nxd4 Bxe4
16.Rfd1 Qc7 17.c4 Rac8 18.Rac1 Rfd8 19.c5 Nd5 20.c6 Nf4 21.Bf3 Bd3 22.Qc5 e5
23.Nb5 Bxb5 24.Rxd8+ Rxd8 25.Qxb5 Ne6 26.Qb7 Rc8 27.Re1 Nd4 28.Bd5 Kg7 29.f4 Nf5
30.fxe5 Qa5 31.Qxf7+ Kh6 32.Rf1 Qc5+ 33.Kh2 Rf8 34.Rc1 Qa3 35.Rc3 Qb4 36.Rc4 Qa3
37.Rc3 Qb4 38.Rc4 Qa3 39.Rc3  1/2-1/2

[Event "Open"]
[Site "Ano Liosia GRE"]
[Date "2001.01.03"]
[Round "7"]
[White "Belov,V"]
[Black "Dvoirys,S"]
[Result "1/2-1/2"]
[WhiteElo "2470"]
[BlackElo "2562"]

1.d4 Nf6 2.c4 g6 3.Nc3 d5 4.cxd5 Nxd5 5.e4 Nxc3 6.bxc3 Bg7 7.Nf3 c5 8.h3 O-O
9.Be2 Nc6 10.Be3 cxd4 11.cxd4 Qa5+ 12.Bd2 Qa3 13.d5 Ne5 14.O-O Bxh3 15.Nxe5 Bxe5
16.Rb1 Bc8 17.Bb4 Qxa2 18.Bxe7 Re8 19.d6 Qe6 20.f4 Bg7 21.e5 Rxe7 22.dxe7 Qxe7
23.Ba6 Bf8 24.Qf3 Qd8 25.Rfc1 Rb8 26.g3 h5 27.Qe3 h4 28.Bc4 b6 29.Kg2 hxg3
30.Kxg3 Qe7 31.Rb2 Bf5 32.Rd2 Rc8 33.Rd6 Bg7  1/2-1/2

[Event "IM Closed"]
[Site "Martinenc ESP"]
[Date "2001.01.08"]
[Round "1"]
[White "Jose Abril,R"]
[Black "Jerez Perez,A"]
[Result "1/2-1/2"]
[WhiteElo "2361"]
[BlackElo "2386"]

1.d4 Nf6 2.c4 g6 3.Nc3 d5 4.cxd5 Nxd5 5.e4 Nxc3 6.bxc3 Bg7 7.Nf3 c5 8.h3 O-O
9.Be2 b6 10.Be3 Bb7 11.Qd3 e6 12.Rc1 Qd7 13.O-O cxd4 14.cxd4  1/2-1/2

[Event "Troll Masters"]
[Site "Gausdal NOR"]
[Date "2001.01.09"]
[Round "6"]
[White "Elsness,F"]
[Black "Bae,T"]
[Result "1-0"]
[WhiteElo "2411"]
[BlackElo "2279"]

1.d4 Nf6 2.c4 g6 3.Nc3 d5 4.cxd5 Nxd5 5.e4 Nxc3 6.bxc3 Bg7 7.Nf3 c5 8.Rb1 O-O
9.Be2 b6 10.O-O Bb7 11.Qd3 Ba6 12.Qe3 Qd7 13.Rb3 Bxe2 14.Qxe2 cxd4 15.cxd4 e6
16.Rd1 Nc6 17.Rbd3 Na5 18.h4 Qb5 19.Ne5 Rfd8 20.Bf4 Rxd4 21.a4 Qa6 22.Qf3 Rxd3
23.Rxd3 Nc4 24.Nxf7 Rf8 25.Qg4 Rxf7 26.Qxe6 b5  1-0

[Event "108th ch-NZL"]
[Site "Auckland NZL"]
[Date "2001.01.11"]
[Round "11"]
[White "Guthrie,D"]
[Black "Wastney,S"]
[Result "0-1"]
[WhiteElo "2143"]
[BlackElo "2219"]

1.d4 Nf6 2.c4 g6 3.Nc3 d5 4.cxd5 Nxd5 5.e4 Nxc3 6.bxc3 Bg7 7.Bc4 c5 8.Ne2 Nc6
9.Be3 O-O 10.O-O Bg4 11.f3 Na5 12.Bxf7+ Rxf7 13.fxg4 Rxf1+ 14.Kxf1 cxd4 15.cxd4 e5
16.d5 Nc4 17.Qd3 Nxe3+ 18.Qxe3 Qh4 19.h3 Bh6 20.Qd3 Rf8+ 21.Kg1 Qf2+ 22.Kh2 Qe3
23.Qxe3 Bxe3 24.Rd1 Rf2 25.Nc3 Kf8 26.Kg3 Rc2 27.Rd3 Bd4 28.Nb5 Bf2+ 29.Kh2 Rxa2
30.d6 Bb6 31.Nc7 Rf2 32.Ne6+ Kf7 33.Ng5+ Ke8 34.Rd5 Kd7 35.Nf3 Re2 36.Nxe5+ Ke6
37.Nc4 Bd8 38.Rd4 b5 39.Nd2 Bf6 40.Rd5 Be5+ 41.Kg1 Bxd6 42.Nb3 Rxe4 43.Rxb5 Rb4
44.Rxb4 Bxb4 45.Kf2 a5 46.Ke3 a4 47.Nc1 Kd5 48.Kd3 a3 49.Na2 Bc5 50.Nc3+ Ke5
51.Na2 Kf4 52.Ke2 Kg3 53.Kf1 Kf4 54.Ke2 Ke4 55.Kd2 Kd5 56.Nc1 Bb4+ 57.Kc2 Ke4
58.h4 Be7 59.h5 g5 60.Kc3 Kf4 61.Kd4 Kxg4 62.Ke5 Kxh5  0-1

[Event "Troll Masters"]
[Site "Gausdal NOR"]
[Date "2001.01.11"]
[Round "8"]
[White "Baekgaard,M"]
[Black "Bae,T"]
[Result "1-0"]
[WhiteElo "2207"]
[BlackElo "2279"]

1.d4 Nf6 2.c4 g6 3.Nc3 d5 4.cxd5 Nxd5 5.e4 Nxc3 6.bxc3 Bg7 7.Bc4 c5 8.Ne2 O-O
9.O-O Nc6 10.Be3 Bg4 11.f3 Na5 12.Bd5 Bd7 13.Rb1 Qc8 14.dxc5 e6 15.Bb3 Bb5
16.Qc2 Nc4 17.Bxc4 Bxc4 18.Rfd1 b5 19.cxb6 axb6 20.Rxb6 Rxa2 21.Rb2 Ra3 22.Bd4 Qa6
23.Bc5 Ra1 24.Rxa1 Qxa1+ 25.Rb1 Qa6 26.Bxf8 Bxf8 27.Nc1 Qa7+ 28.Kh1 Qe3 29.Nb3 Bh6
30.Qc1 Qd3 31.Nc5  1-0

[Event "Czech Extra League 2000-1"]
[Site "CZE"]
[Date "2001.01.13"]
[Round "4"]
[White "Hracek,Z"]
[Black "Jansa,Vl"]
[Result "1/2-1/2"]
[WhiteElo "2602"]
[BlackElo "2470"]

1.d4 Nf6 2.c4 g6 3.Nc3 d5 4.cxd5 Nxd5 5.e4 Nxc3 6.bxc3 Bg7 7.Nf3 c5 8.Be3 Qa5
9.Qd2 Nc6 10.Rc1 cxd4 11.cxd4 Qxd2+ 12.Kxd2 O-O 13.d5 Rd8 14.Ke1 Nb4 15.Bd2 Na6
16.Bg5 Kf8 17.Nd2 b6 18.Bb5 Nc5 19.Ke2 Bb7 20.Be3 a6 21.Bxc5 axb5 22.Bxb6 Rdc8
23.Rxc8+ Rxc8 24.Ba5 f5 25.f3  1/2-1/2

[Event "Trudova Ukraina"]
[Site "Kyiv UKR"]
[Date "2001.01.21"]
[Round "3"]
[White "Kruppa,Y"]
[Black "Shishkin,V"]
[Result "1/2-1/2"]
[WhiteElo "2572"]
[BlackElo "2485"]

1.d4 Nf6 2.c4 g6 3.Nc3 d5 4.cxd5 Nxd5 5.e4 Nxc3 6.bxc3 Bg7 7.Nf3 c5 8.h3 O-O
9.Be2 b6 10.Be3 Bb7 11.Qd3 cxd4 12.cxd4 Nc6 13.O-O e6 14.Rad1 Qd6 15.Qb5 Rfd8
16.Qg5 h6 17.Qg4 Qb4 18.Qh4 Qe7 19.Qg4 Qb4 20.Qh4 Qe7  1/2-1/2

[Event "Open"]
[Site "Ubeda ESP"]
[Date "2001.01.21"]
[Round "1"]
[White "Candela Perez,J"]
[Black "Avrukh,B"]
[Result "0-1"]
[WhiteElo "2411"]
[BlackElo "2630"]

1.d4 Nf6 2.c4 g6 3.Nc3 d5 4.cxd5 Nxd5 5.e4 Nxc3 6.bxc3 Bg7 7.Be3 c5 8.Qd2 Qa5
9.Nf3 Nc6 10.Rc1 e6 11.dxc5 O-O 12.Qb2 f5 13.exf5 gxf5 14.Bb5 Kh8 15.O-O e5
16.Qb3 Qc7 17.Ng5 Na5 18.Qb4 h6 19.Nf3 Be6 20.Nh4 Kh7 21.f3 Nc6 22.Qb1 Qe7
23.Bf2 Qg5 24.Rcd1 Rae8 25.Rd6 Kh8 26.Re1 e4 27.fxe4 fxe4 28.Qxe4 Bf7 29.Qf5 Rxe1+
30.Bxe1 Bc4 31.Ng6+ Qxg6 32.Rxg6 Bxb5 33.Qxf8+ Bxf8 34.Bf2 Bc4 35.a3 Kh7
36.Rg4 Bd5 37.Bd4 Be6 38.Re4 Bd5 39.Re8 Kg8 40.Kf2 Kf7 41.Rc8 Na5 42.Rc7+ Ke6
43.g4 Be7 44.Be3 Bc6 45.Bxh6 Nc4 46.Rxe7+ Kxe7 47.Bc1 Ke6 48.h4 Ne5 49.Kg3 Bf3
50.Bf4 Bd1 51.Bxe5 Kxe5 52.h5 Bc2 53.Kh4 Kf4 54.h6 Bd3 55.Kh5 Bh7 56.a4 a5
57.c4 Ke5 58.Kg5 Bc2 59.Kh5 Kf6 60.g5+ Kf7 61.Kg4 Kg6 62.Kf4 Bxa4 63.Ke3 Bc2
64.Kd2 Bf5 65.Kc3 Kxg5 66.Kb3 Kxh6  0-1

[Event "Open"]
[Site "Ubeda ESP"]
[Date "2001.01.22"]
[Round "2"]
[White "Kobalija,M"]
[Black "Holmsten,A"]
[Result "1-0"]
[WhiteElo "2581"]
[BlackElo "2435"]

1.d4 Nf6 2.c4 g6 3.Nc3 d5 4.cxd5 Nxd5 5.e4 Nxc3 6.bxc3 Bg7 7.Bc4 c5 8.Ne2 O-O
9.O-O Nc6 10.Be3 Bg4 11.f3 Na5 12.Bd3 cxd4 13.cxd4 Bd7 14.Rb1 a6 15.d5 b5
16.Qd2 e6 17.Nf4 Rc8 18.Rfc1 Nc4 19.Bxc4 bxc4 20.dxe6 Bxe6 21.Qxd8 Rfxd8
22.Kf2 Rd6 23.Nxe6 Rxe6 24.Rxc4 Rce8 25.f4 Bf8 26.Kf3 f5 27.e5 g5 28.Rb6 g4+
29.Ke2 Rxb6 30.Bxb6 Re6 31.Be3 Kf7 32.Kd3 Re8 33.Rc7+ Re7 34.Rc6 Re6 35.Rc8 Re8
36.Rxe8 Kxe8 37.Kc4 Kf7 38.Kd5 Bb4 39.e6+ Kf6 40.Bd4+ Kg6 41.Kc6  1-0

[Event "Open"]
[Site "Ubeda ESP"]
[Date "2001.01.23"]
[Round "3"]
[White "Comas Fabrego,L"]
[Black "Avrukh,B"]
[Result "1-0"]
[WhiteElo "2508"]
[BlackElo "2630"]

1.d4 Nf6 2.c4 g6 3.Nc3 d5 4.cxd5 Nxd5 5.e4 Nxc3 6.bxc3 Bg7 7.Nf3 c5 8.Rb1 O-O
9.Be2 b6 10.O-O Bb7 11.Qd3 Ba6 12.Qe3 Qd7 13.d5 Qa4 14.Bxa6 Qxa6 15.Rb2 Qc4
16.Rb3 Nd7 17.Nd2 Qa4 18.Ra3 Qc2 19.c4 e6 20.Qb3 Qxb3 21.axb3 exd5 22.exd5 Rfe8
23.Nf3 Re2 24.Re1 Rc2 25.Bf4 Bf8 26.Kf1 f6 27.h4 Rb2 28.Rea1 b5 29.Bc1 Rc2
30.Ne1 b4 31.Nxc2 bxa3 32.Nxa3 a6 33.Nb5 Be7 34.Bf4 g5 35.Bh2 Bd8 36.hxg5 fxg5
37.Nc7 Bxc7 38.Bxc7 Ra7 39.Bd6 a5 40.Ke2 Kf7 41.Kd3 Kg6 42.Kc3 Kf5 43.Kb2 h5
44.Re1 Ra6 45.Bc7 Ra7 46.d6 Nf8 47.Re7 Ne6 48.Bb6 Ra6 49.d7  1-0

[Event "Open"]
[Site "Ubeda ESP"]
[Date "2001.01.24"]
[Round "4"]
[White "Avrukh,B"]
[Black "Simonenko,S"]
[Result "0-1"]
[WhiteElo "2630"]
[BlackElo "2463"]

1.d4 Nf6 2.c4 g6 3.Nc3 d5 4.cxd5 Nxd5 5.e4 Nxc3 6.bxc3 Bg7 7.Bb5+ c6 8.Ba4 O-O
9.Ne2 c5 10.O-O Nc6 11.Be3 Na5 12.Rb1 Nc4 13.Bc1 b6 14.Bc6 Rb8 15.Bb5 Nd6
16.Bd3 Be6 17.d5 Bc8 18.Bg5 Qc7 19.Qd2 e5 20.dxe6 fxe6 21.f4 Bb7 22.Ng3 h6
23.Bh4 c4 24.Bc2 e5 25.Rbd1 Nf7 26.Ne2 Qc5+ 27.Kh1 Rbe8 28.f5 g5 29.Bf2 Qa3
30.Qe3 Qxa2 31.Rc1 Rd8 32.Ng3 Rd6 33.Qe2 Rfd8 34.Ra1 Qb2 35.Rxa7 Rd2 36.Qh5 R8d7
37.f6 Qxc2 38.Qg6 Nh8 39.Qe8+ Bf8 40.Nf5 Qxe4 41.Nxh6+ Kh7 42.Rxb7 Rxb7 43.Qxf8 Ng6
44.Nf7 Qxg2+ 45.Kxg2 Nxf8 46.Nxe5 b5 47.Rb1 Re2 48.Nxc4 Rf7 49.Ne3 Rxf6 50.Ng4 Rf5
51.Ra1 Ne6 52.Ra7+ Kg6 53.Ra6 Kg7 54.Kg3 Re4 55.Be3 Rf1 56.h3 Kf7 57.Rb6 Rf5
58.Bc1 Ke7 59.Ne3 Rfe5 60.Ng4  0-1

[Event "17th Open"]
[Site "Geneva SUI"]
[Date "2001.01.25"]
[Round "6"]
[White "Ulibin,M"]
[Black "Dvoirys,S"]
[Result "0-1"]
[WhiteElo "2574"]
[BlackElo "2568"]

1.d4 Nf6 2.c4 g6 3.Nc3 d5 4.cxd5 Nxd5 5.e4 Nxc3 6.bxc3 Bg7 7.Bb5+ c6 8.Ba4 O-O
9.Ne2 c5 10.d5 e6 11.Be3 Na6 12.Bb3 exd5 13.Bxd5 Nc7 14.Bc4 Qe7 15.f3 b5
16.Bb3 c4 17.Bc2 b4 18.Rb1 bxc3 19.O-O Rd8 20.Qc1 Ba6 21.a4 Ne6 22.f4 Nd4
23.Nxd4 Bxd4 24.Bxd4 Rxd4 25.Rf3 Rd2 26.Kh1 Qc5 27.e5 Rad8 28.Re3 Bb7 29.Rg3 Qf2  0-1

[Event "Open"]
[Site "Ubeda ESP"]
[Date "2001.01.25"]
[Round "5"]
[White "Arencibia,W"]
[Black "Eljanov,P"]
[Result "0-1"]
[WhiteElo "2534"]
[BlackElo "2556"]

1.d4 Nf6 2.c4 g6 3.Nc3 d5 4.cxd5 Nxd5 5.e4 Nxc3 6.bxc3 Bg7 7.Nf3 c5 8.h3 O-O
9.Be2 Nc6 10.Be3 cxd4 11.cxd4 f5 12.Qb3+ Kh8 13.Rd1 fxe4 14.Ng5 Nxd4 15.Qc4 Qa5+
16.Rd2 Nxe2 17.Nf7+ Rxf7 18.Qxf7 Bd7 19.Kxe2 Bb5+ 20.Ke1 Rc8 21.f3 exf3 22.Qe6 Rd8
23.gxf3 Qc3 24.Qb3 Rd3 25.Bf4 Rxf3 26.Qxb5 Rxf4 27.Qxb7 h5 28.Kd1 Kh7 29.Re1 Qxh3
30.Rxe7 Qg4+ 31.Ke1 Qg3+ 32.Ke2 Rf2+ 33.Kd1 Rf1+  0-1

[Event "ch-POL Boys U18"]
[Site "Zakopane POL"]
[Date "2001.01.25"]
[Round "10"]
[White "Dziuba,M"]
[Black "Jakubowski,Mar"]
[Result "1-0"]
[WhiteElo "2421"]
[BlackElo "2234"]

1.d4 Nf6 2.c4 g6 3.Nc3 d5 4.cxd5 Nxd5 5.e4 Nxc3 6.bxc3 Bg7 7.Be3 O-O 8.Qd2 c5
9.Nf3 cxd4 10.cxd4 Nc6 11.Rc1 Bg4 12.d5 Bxf3 13.gxf3 Ne5 14.Be2 Qd7 15.f4 Ng4
16.Bd4 e5 17.fxe5 Nxe5 18.f4 Ng4 19.Bxg7 Kxg7 20.Qd4+ Kg8 21.O-O Rfe8 22.Bf3 Nh6
23.Bg2 a6 24.h3 Rac8 25.d6 Red8 26.e5 Nf5 27.Qb6 Ng3 28.Rxc8 Rxc8 29.Qxb7 Qf5
30.Rf2 Rc1+ 31.Kh2 Nh5 32.d7 Qd3 33.Qc8+  1-0

[Event "Trudova Ukraina"]
[Site "Kyiv UKR"]
[Date "2001.01.26"]
[Round "8"]
[White "Zontakh,A"]
[Black "Shishkin,V"]
[Result "1/2-1/2"]
[WhiteElo "2529"]
[BlackElo "2485"]

1.d4 Nf6 2.c4 g6 3.Nc3 d5 4.cxd5 Nxd5 5.e4 Nxc3 6.bxc3 Bg7 7.Nf3 c5 8.Rb1 O-O
9.Be2 cxd4 10.cxd4 Qa5+ 11.Bd2 Qxa2 12.O-O a5  1/2-1/2

[Event "Trudova Ukraina"]
[Site "Kyiv UKR"]
[Date "2001.01.27"]
[Round "9"]
[White "Malakhatko,V"]
[Black "Kruppa,Y"]
[Result "1/2-1/2"]
[WhiteElo "2513"]
[BlackElo "2572"]

1.d4 Nf6 2.c4 g6 3.Nc3 d5 4.cxd5 Nxd5 5.e4 Nxc3 6.bxc3 Bg7 7.Nf3 c5 8.Be3 Qa5
9.Qd2 Nc6 10.Rc1 cxd4 11.cxd4 Qxd2+ 12.Kxd2 O-O 13.d5 Rd8 14.Ke1 Nb4 15.Bd2 Na6
16.Bg5 Kf8 17.Bxa6 bxa6 18.Rc7 Rd7 19.Rxd7 Bxd7 20.Kd2 Rc8 21.Rc1 Rxc1 22.Kxc1 Bb5
23.Kc2 f5 24.exf5 Bc4 25.fxg6 hxg6 26.a3 Bxd5 27.Be3 Be4+ 28.Kd2 Bb2 29.Bc5 Ke8
30.Ne1 Kd7 31.f3 Bd5 32.Nd3 Bf6 33.Bxa7 Bc4 34.f4 Kc6 35.Ke3 g5 36.fxg5 Bxg5+
37.Kd4 Bb5 38.Ne5+ Kc7 39.Bc5 Bf6 40.Ke4 Bf1 41.g3 Bh3 42.Nf3 e6 43.Bd4 Be7
44.Bb2 Kd6 45.Ne5 Bf5+ 46.Kf4 Kd5 47.g4 Bc2 48.Nf3 Be4 49.h3 Bd8 50.Bc3 Be7
51.a4 Bd6+ 52.Ne5 Bc5 53.Nf3 Be7 54.Bg7 Bc2 55.a5  1/2-1/2

[Event "Bundesliga 2000-1"]
[Site "Tegel GER"]
[Date "2001.01.27"]
[Round "6"]
[White "Khenkin,I"]
[Black "Stohl,I"]
[Result "1-0"]
[WhiteElo "2633"]
[BlackElo "2578"]

1.d4 Nf6 2.c4 g6 3.Nc3 d5 4.cxd5 Nxd5 5.e4 Nxc3 6.bxc3 Bg7 7.Nf3 c5 8.Be3 Qa5
9.Qd2 Nc6 10.Rb1 a6 11.Rc1 cxd4 12.cxd4 Qxd2+ 13.Kxd2 e6 14.Bd3 Bd7 15.d5 Nb4
16.Bc4 exd5 17.exd5 Bb5 18.Bc5 Bh6+ 19.Kc3 Bxc1 20.Rxc1 Bxc4 21.Kxc4 a5 22.Re1+ Kd8
23.a3 b5+ 24.Kxb5 Rb8+ 25.Bb6+ Rxb6+ 26.Kxb6 Nxd5+ 27.Kxa5 Kc7 28.Kb5 Ra8
29.Rc1+ Kb7 30.a4 Re8 31.Rc2 Re4 32.a5 Nc7+ 33.Kc5 Ne6+ 34.Kd6 Ra4 35.Ke7 Rxa5
36.Kxf7 Nf4 37.g3 Nh3 38.Kg7 Rf5 39.Nh4 Rxf2 40.Rxf2 Nxf2 41.Kxh7  1-0

[Event "Bundesliga 2000-1"]
[Site "Tegel GER"]
[Date "2001.01.27"]
[Round "6"]
[White "Hertneck,G"]
[Black "Berndt,S"]
[Result "1/2-1/2"]
[WhiteElo "2541"]
[BlackElo "2478"]

1.d4 Nf6 2.c4 g6 3.Nc3 d5 4.cxd5 Nxd5 5.e4 Nxc3 6.bxc3 Bg7 7.Bc4 O-O 8.Ne2 Nc6
9.h4 Na5 10.Bd3 c5 11.Be3 cxd4 12.cxd4 Nc6 13.Bc4 Na5 14.Bd3 Nc6 15.Bc4 Na5  1/2-1/2

[Event "Open"]
[Site "Ubeda ESP"]
[Date "2001.01.27"]
[Round "7"]
[White "Rivas Pastor,M"]
[Black "Tseitlin,Ma"]
[Result "0-1"]
[WhiteElo "2425"]
[BlackElo "2494"]

1.d4 Nf6 2.c4 g6 3.Nc3 d5 4.cxd5 Nxd5 5.e4 Nxc3 6.bxc3 Bg7 7.Nf3 c5 8.Be3 Qa5
9.Qd2 O-O 10.Rc1 Bg4 11.d5 e5 12.c4 Qc7 13.Ng1 Na6 14.f3 Bd7 15.Ne2 Qd6 16.Nc3 Nc7
17.Be2 f5 18.a4 a5 19.exf5 gxf5 20.O-O b6 21.Kh1 Rae8 22.Rb1 Na6 23.Rbe1 Nb4
24.Bd1 e4 25.fxe4 Qe5 26.Nb5 fxe4 27.Rxf8+ Rxf8 28.Bc2 Bf5 29.Bb1 Bg6 30.Qd1 Rf7
31.d6 Rd7 32.Rf1 Qe6 33.Bf4 Qxc4 34.Re1 Qf7 35.Bg3 Nd3 36.Rf1 Qc4 37.Qe2 Bf7
38.Nc7 Ne5 39.Qd1 Rxd6  0-1

[Event "Bundesliga 2000-1"]
[Site "Bad Godesberg GER"]
[Date "2001.01.28"]
[Round "7"]
[White "Georgiev,Vl"]
[Black "Bacrot,E"]
[Result "1/2-1/2"]
[WhiteElo "2564"]
[BlackElo "2613"]

1.d4 Nf6 2.c4 g6 3.Nc3 d5 4.cxd5 Nxd5 5.e4 Nxc3 6.bxc3 Bg7 7.Bc4 c5 8.Ne2 O-O
9.O-O Nc6 10.Be3 Bg4 11.f3 cxd4 12.cxd4 Na5 13.Bd5 Bd7 14.Rb1 a6 15.Bxb7 Nxb7
16.Rxb7 Bb5 17.Rf2 Qc8 18.Rb6 Qc4 19.Nc1 Qc3 20.Qd2 Qc7 21.d5 Bc3 22.Qc2 Rfc8
23.Nb3 Be1 24.Qxc7 Bxf2+ 25.Kxf2 Rxc7 26.Nd4 f6 27.h4 Kf7 28.g4 Rcc8 29.Rb7 Rab8
30.Ra7 Ra8  1/2-1/2

[Event "Trudova Ukraina"]
[Site "Kyiv UKR"]
[Date "2001.01.28"]
[Round "10"]
[White "Malakhatko,V"]
[Black "Shishkin,V"]
[Result "1-0"]
[WhiteElo "2513"]
[BlackElo "2485"]

1.d4 Nf6 2.c4 g6 3.Nc3 d5 4.cxd5 Nxd5 5.e4 Nxc3 6.bxc3 Bg7 7.Bb5+ Bd7 8.Be2 c5
9.Nf3 cxd4 10.cxd4 Bc6 11.Qd3 f5 12.exf5 Qa5+ 13.Bd2 Qxf5 14.Qe3 O-O 15.O-O Nd7
16.Bc4+ Kh8 17.Be6 Qh5 18.d5 Bxd5 19.Bxd7 Rad8 20.Be6 Bxe6 21.Qxe6 Bxa1 22.Rxa1 Rxf3
23.gxf3 Rxd2 24.Qc8+  1-0

[Event "6th HIT Open"]
[Site "Nova Gorica SLO"]
[Date "2001.01.31"]
[Round "7"]
[White "Tratar,M"]
[Black "Navinsek,T"]
[Result "1/2-1/2"]
[WhiteElo "2435"]
[BlackElo "2303"]

1.d4 Nf6 2.c4 g6 3.Nc3 d5 4.cxd5 Nxd5 5.e4 Nxc3 6.bxc3 Bg7 7.Bc4 c5 8.Ne2 Nc6
9.Be3 cxd4 10.cxd4 b5 11.Bxb5 Qa5+ 12.Nc3 Qxc3+ 13.Bd2 Qxd4 14.Bxc6+ Bd7
15.Bxa8 Qxa1 16.Qxa1 Bxa1 17.O-O O-O 18.Rxa1 Rxa8 19.Rc1 Rc8 20.Rxc8+ Bxc8
21.Be3 Be6 22.Bxa7 Bxa2 23.Bc5 Bb1 24.Bxe7 Bxe4 25.g3 Bf3  1/2-1/2